000 00392nam a2200157Ia 4500
008 210716s1964 xx 000 0 und d
041 _aeng
082 _a170 LITC
100 _aLitzinger, C I.
245 _aCommentary on the nicomachean ethics.
250 _a1
260 _aChicago
_bHenry Regnery Company
_c1964
300 _axiii,537-1000
440 _v1
650 _aBusiness Ethics
999 _c198657
_d198657